000 01282nam a2200241Ia 4500
999 _c39565
_d39565
001 6164
003 GE_BSU
005 20191218124502.0
008 181216s1964||||ge |||||||||||||| ||geo||
040 _cGE_BSU
041 _ageo
080 _a821.353.1-7 გ-42
100 _aგეწაძე, აკაკი.
_95853
245 _aყარამან ყანთელაძე, წუთისოფლის კრიალოსანი :
_bიუმორისტ-სათავგადასავლო ნაწარმოები /
_cაკაკი გეწაძე ; რედ. ილ. ხოშტარია ; მხარვ. ა. სარჩიმელიძე.
264 _aთბილისი :
_bსაბჭ. საქართველო,
_c1964.
300 _a532 გვ. ;
_c22 სმ.
653 _aიუმორისტ-სათავგადასავლო ნაწარმოები
653 _aყარამან ყანთელაძე
653 _aწუთისოფლის კრიალოსანი
700 _aხოშტარია, ილ.
_eრედაქტორი
_94170
700 _aსარჩიმელიძე, ა.
_eმხატვარი
_95857
942 _cBK
_2udc